Statistics for Země podle písmene - P

Click here to take the quiz!

General Stats

  • This quiz has been taken 126 times
  • The average score is 7 of 9

Answer Stats

Stát% Correct
Polsko
92%
Portugalsko
92%
Panama
90%
Pákistán
87%
Paraguay
77%
Peru
74%
Palau
62%
Papua-Nová Guinea
41%
Pobřeží slonoviny
41%

Score Distribution

Percentile by Number Answered

Percent of People with Each Score

Your Score History

You have not taken this quiz